Geography Quiz

Random Geography or State Quiz

New Jersey Cities Quiz Stats

 Plays Quiz Updated Sep 23, 2019

Score 0/20 Timer 06:00
1 Play Today
Rank City % Correct
1Newark
91.1%
2Jersey City
79.7%
4Elizabeth
46.1%
3Paterson
42.2%
6Edison Township
34.3%
8Toms River
33.8%
13Camden
28.6%
14Cherry Hill
27.3%
20Bayonne
26.5%
7Woodbridge Township
21.3%
Rank City % Correct
11Trenton
18.2%
10Clifton
18%
12Brick Township
17.8%
9Hamilton Township
16.8%
17Old Bridge Township
13.3%
5Lakewood Township
11.5%
19Middletown
11%
16Union City
9.3%
18Franklin Township
8.3%
15Passaic
6.4%

You're not logged in!

Compare scores with friends on all Sporcle quizzes.
OR
Log In

Sporcle TV

Today on Sporcle TV


Watch our educational content, quiz creation guides, and fun videos on Sporcle TV.

Show Comments

Extras

Top Quizzes Today


Score Distribution

Your Account Isn't Verified!

In order to create a playlist on Sporcle, you need to verify the email address you used during registration. Go to your Sporcle Settings to finish the process.

Report this User

Report this user for behavior that violates our Community Guidelines.

Details: